A modern approach to logical reasoning/ (Record no. 157452)

MARC details
000 -LEADER
fixed length control field 00679nam a22001937a 4500
005 - DATE AND TIME OF LATEST TRANSACTION
control field 20180913130339.0
010 ## - LCCN (DPL NO)
LC control number B-705543
020 ## - INTERNATIONAL STANDARD BOOK NUMBER
Terms of availability 275.00
International Standard Book Number 9789352535743
035 ## - SYSTEM CONTROL NUMBER
System control number B-705543
037 ## - SOURCE OF ACQUISITION
Source of stock number/acquisition RK Books
082 ## - DEWEY DECIMAL CLASSIFICATION NUMBER
Classification number 000
100 ## - MAIN ENTRY--PERSONAL NAME
Personal name Aggarwal, R. S.
245 ## - TITLE STATEMENT
Title A modern approach to logical reasoning/
Statement of responsibility, etc by R. S. Aggarwal
260 ## - PUBLICATION, DISTRIBUTION, ETC. (IMPRINT)
Place of publication, distribution, etc New Delhi
Name of publisher, distributor, etc S Chand Publishing
Date of publication, distribution, etc 2015
270 ## - ADDRESS
Address Ram Nagar.
City New Delhi
Postal code 110055
300 ## - PHYSICAL DESCRIPTION
Extent various pagings
Dimensions 24cm(pbk)
942 ## - ADDED ENTRY ELEMENTS (KOHA)
Source of classification or shelving scheme Dewey Decimal Classification
Item type English Books
Call number suffix AGG
Classification part 000
Holdings
Withdrawn status Lost status Not for loan Collection code Home library Current library Date acquired Source of acquisition Cost, normal purchase price Full call number Barcode Copy number Cost, replacement price Koha item type
      Non-fiction Central Jail Tihar Central Jail Tihar 13/09/2018 RK Books/IN1492/18-19/07-09-18/519/07-09-18/12-09-18 275.00 000 AGG B-705543 1 275.00 English Books

© Delhi Public Library
Hit Counter
free hit counter